LEADER 00830nam0 2200253 450 001 000026027 005 20090527152409.0 100 $a20090527d1962----km-y0itay50------ba 101 0 $afre 102 $aFR 105 $ay-------001yy 200 1 $aPhysique solaire et géophysique$el'héliomagnetisme - le vent solaire - l'émission d'électrons solaires ...$fpar A. Dauvillier 210 $aParis$cMasson$d1962 215 $a361 p.$d24 cm 500 10$aPhysique solaire et géophysique$943012 610 1 $aSole$aCampo magnetico 610 1 $aAttività solare 676 $a523.7$v21$9Sole 700 1$aDauvillier,$bAlexandre$022166 801 0$aIT$bUNIPARTHENOPE$c20090527$gRICA$2UNIMARC 912 $a000026027 951 $aDISAM 523.7/1$bM 803$cDISAM$d2009 996 $aPhysique solaire et géophysique$943012 997 $aUNIPARTHENOPE LEADER 01247nam 2200409 450 001 9910796806203321 005 20220915221248.0 010 $a1-61499-856-6 035 $a(CKB)4100000004836706 035 $a(MiAaPQ)EBC5435943 035 $a(EXLCZ)994100000004836706 100 $a20180711d2018 uy 0 101 0 $aeng 135 $aurcnu|||||||| 181 $ctxt$2rdacontent 182 $cc$2rdamedia 183 $acr$2rdacarrier 200 00$aQuantum simulators /$fedited by T. Calarco, R. Fazio and P. Mataloni 210 1$aAmsterdam :$cIOS Press,$d[2018] 210 4$d©2018 215 $a1 online resource (270 pages) 225 0 $aInternational school of physics enrico fermi ;$v198 311 $a1-61499-855-8 327 $aPreface / T. Calarco, R. Fazio, P. Mataloni -- Percolation: from coffee to epidemic spreading / Aatteo Archimi. 606 $aQuantum systems$vCongresses 615 0$aQuantum systems 676 $a530.12011 702 $aCalarco$b Tom$f1947- 702 $aFazio$b R$g(Rosario), 702 $aMataloni$b P. 801 0$bMiAaPQ 801 1$bMiAaPQ 801 2$bMiAaPQ 906 $aBOOK 912 $a9910796806203321 996 $aQuantum simulators$93718854 997 $aUNINA